AK’s General Knowledge A-Z #100 - Statistics

General Stats
  • This quiz has been taken 300 times
  • The average score is 14 of 26
Answer Stats
Hint Answer % Correct
G – Hugh starring in Notting Hill, or what can be applied for Grant
91%
F – would love to keep making these quizzes forever, but I have bigger fish to ___ Fry
88%
H – a type of attack that killed, for example, Christopher Reeve, or a card suit Heart
81%
D – 40–40 in tennis Deuce
79%
Q – one of four kiddies, or ____ bike, a four-wheeled vehicle Quad
78%
Z – the number of AK’s General Knowledge A-Z quizzes published after this one Zero
73%
V – first name of Belgian football (soccer) manager Kompany, or St. _______ and Grenadines Vincent
71%
E – a certain key on the keyboard, or what Metallica’s Sandman does Enter
70%
L – country where 260 million bombs were dropped in less than a decade Laos
68%
K – tlhIngan Hol (constructed language spoken by a fictional alien race in Star Trek) Klingon
67%
N – Ryan Gosling film The ________, based on the 1996 novel by Nicholas Sparks, or a class of laptop computer Notebook
64%
R – Daphne du Maurier’s most famous novel; the title is a woman’s name used in many countries – in Filipino, its variation is Becbec Rebecca
61%
P – if you were a dog in the 1890s, this was the most likely person to measure how much you salivate Ivan Pavlov
58%
C – Hernán who named the conquered territory “New Spain” Cortés
54%
B – follows death, precedes rock Bed
52%
M – American TV detective Adrian (played by Tony Shalhoub), who would appreciate that I have exactly 100 quizzes in this series Monk
44%
T – from 2014 to 2020, considered to be the only democratic state in the Arab world Tunisia
43%
W – die Hauptstadt von Österreich Wien
41%
J – first name of Salk, inventor of the polio vaccine Jonas
40%
S – Mars-day, a Mexican beer, or the currency of Peru Sol
40%
A – mountain range close to San Marino Apennine Mountains
29%
O – between Xi and Pi Omicron
28%
X – indigenous peoples of Brazil living near the _____ River; rhymes with an animated little penguin Xingu
25%
U – Massive Attack’s hit “__________ Sympathy” Unfinished
15%
Y – code for Toronto Pearson International Airport (which sounds like something a drunken geometrician might write) YYZ
11%
I – South Korean singer from Red Velvet, or William Steig’s picture book Brave _____ Irene
8%
No matching quizzes found
Score Distribution
Percent of People with Each Score
Percentile by Number Answered
Your Score History
You have not taken this quiz